| 000 | 00646nam a2200217Ia 4500 | ||
|---|---|---|---|
| 999 |
_c8307 _d8307 |
||
| 003 | OSt | ||
| 005 | 20210715101617.0 | ||
| 008 | 151021s9999 xx 000 0 und d | ||
| 020 | _a9.7801208841e+012 | ||
| 040 |
_aMMU _beng _cMMU _dMMU |
||
| 050 | _aQA76.9 .D343W58 2005 | ||
| 245 |
_aData Mining Practical Machine Learning Tools and Techniques _cWitten H. Ian. |
||
| 250 | _a2nd ed. | ||
| 260 |
_aSan Francisco : _bElsevier, _c2005. |
||
| 300 |
_axxxi, 525 p. : _bill. ; |
||
| 500 | _aIncludes index | ||
| 650 | _a_Data management systems | ||
| 700 | _a_Eibe Frank | ||
| 942 |
_2lcc _cLOAN LOAN |
||
| 980 | _a^d20120109 12:08:38^oanne | ||